000 00887nam a2200229 a 4500
001 000028725
003 DO-SdBNP
005 20250704120934.0
008 110411s2002 dr r 000 0 spa d
040 _aDO-SdBNP
_bspa
_cBNPHU
082 _a347.7293
_bS941e
100 1 _aSubero Isa, Jorge A.,
_d1947-
_976863
245 1 0 _aEn búsqueda de una política judicial :
_bdiscurso del presidente de la Suprema Corte de Justicia 1997-2001.
260 _aSanto Domingo :
_bSuprema Corte de Justicia,
_c2002.
300 _a2 v. ;
_c22 cm.
590 _aInventariado, 2018/BT
650 4 _aPoder judicial
_zRepública Dominicana
_946172
_vEnsayos, conferencias, etc.
650 4 _aAdministración de justicia
_zRepública Dominicana
_910274
650 4 _aAdministración de justicia penal
_vEnsayos, conferencias, etc
_988260
910 _aValidado. Control de calidad. EMS
942 _2ddc
_cLBS1
999 _c28217
_d28217